01455nam a2200373Ia 4500001001200000003000800012006001900020007001500039008004100054010001700095020002800112020003100140020001800171040002100189035002100210050002500231082001800256100001600274245011100290260005800401300001500459490004200474504005100516533015200567600005200719650003100771650003000802650001500832650002300847655002900870710001700899830003900916856012600955ebr10574159CaPaEBRm u cr cn|||||||||090526s2010 nyu sb 001 0 eng d z 2009021169 z1438430353 (alk. paper) z9781438430355 (alk. paper) z9781438430379 aCaPaEBRcCaPaEBR a(OCoLC)61562451114aPN98.P67bT68 2010eb04a809/.91132221 aToth, Josh.14aThe passing of postmodernismh[electronic resource] :ba spectroanalysis of the contemporary /cJosh Toth. aAlbany :bState University of New York Press,cc2010. aix, 200 p.1 aThe SUNY series in postmodern culture aIncludes bibliographical references and index. aElectronic reproduction.bPalo Alto, Calif. :cebrary,d2011.nAvailable via World Wide Web.nAccess may be limited to ebrary affiliated libraries.10aDerrida, JacquesxCriticism and interpretation. 0aPostmodernism (Literature) 0aSemiotics and literature. 0aCriticism. 0aPoststructuralism. 7aElectronic books.2local2 aebrary, Inc. 0aSUNY series in postmodern culture.40uhttp://site.ebrary.com/lib/rucke/Doc?id=10574159zAn electronic book accessible through the World Wide Web; click to view